| 000 | 01095nmb a2200301uu 4500 | ||
|---|---|---|---|
| 001 | 03227 | ||
| 003 | HDC | ||
| 007 | cr aa aaaau | ||
| 008 | 210104p2016 si ||||| |||| 00| 0 eng d | ||
| 022 | _a2301-3567 | ||
| 040 | _aHDC | ||
| 100 |
_aAsnidar Hanim Yusuf _eauthor _92218 |
||
| 245 | 0 |
_aHalal Certification vs Business Growth of Food Industry in Malaysia / by _cAsnidar Hanim Yusuf, Syadiyah Abdul Shukor, Ummi Salwa Ahmad Bustamam |
|
| 260 |
_aSingapore : _bIACSIT Press, _c2016 |
||
| 300 | _a1 online resource (5 pages) | ||
| 336 |
_atext _2rdacontent |
||
| 337 |
_acomputer _2rdamedia |
||
| 338 |
_aonline resource _2rdacarrier |
||
| 650 |
_aBusiness growth _92219 |
||
| 650 |
_aHalal certification _9753 |
||
| 650 |
_aIslamic practice _92220 |
||
| 700 |
_aSyadiyah Abdul Shukor _eauthor _92221 |
||
| 700 |
_aUmmi Salwa Ahmad Bustamam _eauthor _92222 |
||
| 856 | _zRequest full-text at [email protected] | ||
| 942 | _2lcc | ||
| 942 | _cAR | ||
| 942 | _kJART 001096 | ||
| 999 |
_c613 _d613 |
||